ADMINISTRACION DE LA PRODUCCION (Registro nro. 3586)
[ vista simple ]
| 000 -LEADER | |
|---|---|
| fixed length control field | 00474nam a2200181 a 4500 |
| 001 - CONTROL NUMBER | |
| control field | 3586 |
| 005 - DATE AND TIME OF LATEST TRANSACTION | |
| control field | 20180713183514.0 |
| 008 - FIXED-LENGTH DATA ELEMENTS--GENERAL INFORMATION | |
| fixed length control field | 140415s1987 000 0 spa d |
| 020 ## - INTERNATIONAL STANDARD BOOK NUMBER | |
| International Standard Book Number | 968130263X |
| 041 ## - LANGUAGE CODE | |
| Language code of text/sound track or separate title | spa |
| 082 ## - DEWEY DECIMAL CLASSIFICATION NUMBER | |
| Classification number | 658.5 |
| Item number | MOO |
| 100 1# - MAIN ENTRY--PERSONAL NAME | |
| Personal name | MOORE, FRANKLIN G. |
| 245 10 - TITLE STATEMENT | |
| Title | ADMINISTRACION DE LA PRODUCCION |
| 260 ## - PUBLICATION, DISTRIBUTION, ETC. | |
| Place of publication, distribution, etc. | [s.l.] : |
| Name of publisher, distributor, etc. | DIANA, |
| Date of publication, distribution, etc. | 1987 |
| 300 ## - PHYSICAL DESCRIPTION | |
| Extent | 839 |
| 650 14 - SUBJECT ADDED ENTRY--TOPICAL TERM | |
| Topical term or geographic name entry element | ADMINISTRACION DE LA PRODUCCION |
| 700 1# - ADDED ENTRY--PERSONAL NAME | |
| Personal name | PARDO, VICENTE |
| Relator term | tr. |
| Withdrawn status | Lost status | Source of classification or shelving scheme | Damaged status | Not for loan | Home library | Current library | Shelving location | Date acquired | Source of acquisition | Total Checkouts | Full call number | Barcode | Price effective from | Koha item type | Collection code | Inventory number | Date last seen | Date last checked out |
|---|---|---|---|---|---|---|---|---|---|---|---|---|---|---|---|---|---|---|
| Extraviado | Dewey Decimal Classification | Biblioteca Karol Wojtyla | Biblioteca Karol Wojtyla | 03/12/2013 | Compra | 658.5 MOO | 29166 | 03/12/2013 | Libro | |||||||||
| Extraviado | Dewey Decimal Classification | Biblioteca Karol Wojtyla | Biblioteca Karol Wojtyla | 03/12/2013 | Compra | 658.5 MOO | 14800 | 03/12/2013 | Libro | |||||||||
| Dewey Decimal Classification | Biblioteca Karol Wojtyla | Biblioteca Karol Wojtyla | Sala general | 03/12/2013 | Compra | 1 | 658.5 MOO | 40298 | 03/12/2013 | Libro | General | 151000000000000000025903 | 05/01/2026 | 02/02/2024 |